| 000 | 00384pab a2200157 454500 | ||
|---|---|---|---|
| 008 | 180718b2012 xxu||||| |||| 00| 0 eng d | ||
| 100 | _aNandini Sunder | ||
| 245 | _aMemories of a good man: M.A. Iqbal (1945-2012) | ||
| 260 | _c2012 | ||
| 300 | _ap.30-32. | ||
| 362 | _a21 Apr | ||
| 650 | _aIqbal, M.A. | ||
| 773 | _aEconomic and Political Weekly | ||
| 908 | _aN | ||
| 909 | _a95710 | ||
| 999 |
_c95710 _d95710 |
||